[Event "Bogota Navidad op"]
[Site "Bogota"]
[Date "2014.12.06"]
[Round "6"]
[White "Hernandez, Elvert"]
[Black "Acuna Buitrago, Camilo Andres"]
[Result "1-0"]
[WhiteElo "2027"]
[BlackElo "2046"]
[PlyCount "49"]
[EventDate "2014.12.04"]
[EventType "swiss"]
[EventRounds "9"]
[EventCountry "COL"]
[SourceTitle "CBM 163 Extra"]
[Source "ChessBase"]
[SourceDate "2014.12.23"]
[SourceVersion "1"]
[SourceVersionDate "2014.12.23"]
[SourceQuality "1"]

1. e4 c5 2. Nf3 e6 3. d4 cxd4 4. Nxd4 Nc6 5. Be3 Nf6 6. Bd3 d5 7. Bb5 Bd7 8. exd5 Nxd5 9. Bxc6 bxc6 10. Bd2 c5 11. Nf3 Qc7 12. c4 Nf4 13. 0-0 Bd6 14. Nc3 Rb8 15. Ne4 Rxb2 16. Ba5 Qxa5 17. Nxd6+ Ke7 18. Nxf7 Ne2+ 19. Kh1 Ba4 20. Qd6+ Kxf7 21. Ng5+ Kg6 22. Qxe6+ Kxg5 23. f4+ Nxf4 24. h4+ Kh5 25. Qf5+ 1-0

[Event "COL-chT"]
[Site "Villavicencio"]
[Date "2014.08.16"]
[Round "2.4"]
[White "Sabogal, Edison"]
[Black "Acuna Buitrago, Camilo Andres"]
[Result "0-1"]
[WhiteElo "1951"]
[BlackElo "2017"]
[PlyCount "54"]
[EventDate "2014.08.15"]
[EventType "team-swiss"]
[EventRounds "6"]
[EventCountry "COL"]
[SourceTitle "EXT 2015"]
[Source "ChessBase"]
[SourceDate "2014.11.20"]
[SourceVersion "1"]
[SourceVersionDate "2014.11.20"]
[SourceQuality "1"]
[WhiteTeam "Meta"]
[BlackTeam "Bogota"]
[WhiteTeamCountry "COL"]
[BlackTeamCountry "COL"]

1. e4 c5 2. Nf3 e6 3. c3 Nf6 4. e5 Nd5 5. Bc4 Nb6 6. Bb3 d5 7. d4 Nc6 8. 0-0 Be7 9. Bc2 Bd7 10. a4 cxd4 11. cxd4 Nb4 12. Bb3 Rc8 13. Nc3 Nc4 14. Na2 Qb6 15. Nxb4 Qxb4 16. Qd3 b5 17. Qd1 Rc7 18. Bxc4 bxc4 19. a5 0-0 20. Qc2 Rb8 21. Ra2 Bb5 22. Bg5 Bf8 23. Ra3 Ba6 24. Rb1 c3 25. Bd2 cxd2 26. Qxc7 Rc8 27. Qxc8 Bxc8 0-1

[Event "Bogota-ch sf"]
[Site "Bogota"]
[Date "2014.03.21"]
[Round "1"]
[White "Guerrero, Hernando"]
[Black "Acuna Buitrago, Camilo Andres"]
[Result "1/2-1/2"]
[WhiteElo "1851"]
[BlackElo "2041"]
[PlyCount "23"]
[EventDate "2014.03.21"]
[EventType "swiss"]
[EventRounds "7"]
[EventCountry "COL"]
[SourceTitle "CBM 159 Extra"]
[Source "ChessBase"]
[SourceDate "2014.04.24"]
[SourceVersion "1"]
[SourceVersionDate "2014.04.24"]
[SourceQuality "1"]

1. e4 c5 2. Nf3 d6 3. d4 cxd4 4. Nxd4 Nf6 5. Nc3 e6 6. Be2 Qc7 7. 0-0 a6 8. f4 b5 9. Be3 Bb7 10. Qd2 Nbd7 11. a3 Be7 12. Bd3 1/2-1/2

[Event "Bogota La Florida op"]
[Site "Bogota"]
[Date "2014.02.01"]
[Round "2"]
[White "Acuna Buitrago, Camilo Andres"]
[Black "Ruiz Castillo, Joshua Daniel"]
[Result "0-1"]
[WhiteElo "2059"]
[BlackElo "2379"]
[PlyCount "104"]
[EventDate "2014.01.31"]
[EventType "swiss"]
[EventRounds "6"]
[EventCountry "COL"]
[SourceTitle "CBM 158 Extra"]
[Source "ChessBase"]
[SourceDate "2014.02.28"]
[SourceVersion "1"]
[SourceVersionDate "2014.02.28"]
[SourceQuality "1"]

1. d4 Nf6 2. Nc3 d5 3. Bg5 Ne4 4. Nxe4 dxe4 5. e3 g6 6. Bc4 Bg7 7. Ne2 0-0 8. 0-0 Kh8 9. Nc3 f5 10. b4 c6 11. f3 exf3 12. Rxf3 Nd7 13. Qe1 Nf6 14. Qh4 Qd6 15. Rh3 h5 16. Rb1 Be6 17. Bf4 Qd7 18. Bd3 Ng4 19. Ne2 Bxa2 20. Rf1 Bf7 21. Ng3 e6 22. c3 Kg8 23. Bg5 a5 24. bxa5 Rxa5 25. Ne2 Rfa8 26. e4 Ra1 27. Rhf3 c5 28. h3 cxd4 29. hxg4 hxg4 30. Rxa1 Rxa1+ 31. Rf1 Rxf1+ 32. Kxf1 dxc3 33. Bc2 b5 34. Qg3 b4 35. Qb8+ Bf8 36. Bh6 Qe8 37. Qxe8 Bxe8 38. Bxf8 Kxf8 39. Kf2 Bb5 40. Nd4 Bc4 41. exf5 gxf5 42. Ke3 Kg7 43. g3 Kf6 44. Nb3 Bxb3 45. Bxb3 e5 46. Bd1 Kg5 47. Ba4 f4+ 48. Kf2 Kf5 49. Bc2+ Ke6 50. Bb3+ Kd6 51. Ke2 Kc5 52. Be6 c2 0-1

[Event "Bogota La Florida op"]
[Site "Bogota"]
[Date "2014.01.31"]
[Round "1"]
[White "Acuna Buitrago, Camilo Andres"]
[Black "Obando Guzman, Soren Federico"]
[Result "1-0"]
[WhiteElo "2059"]
[BlackElo "1755"]
[PlyCount "69"]
[EventDate "2014.01.31"]
[EventType "swiss"]
[EventRounds "6"]
[EventCountry "COL"]
[SourceTitle "CBM 158 Extra"]
[Source "ChessBase"]
[SourceDate "2014.02.28"]
[SourceVersion "1"]
[SourceVersionDate "2014.02.28"]
[SourceQuality "1"]

1. e4 c5 2. Nf3 d6 3. d4 cxd4 4. Nxd4 Nf6 5. Nc3 a6 6. Bg5 Nbd7 7. f4 Qc7 8. Qf3 g6 9. 0-0-0 Bg7 10. g4 h6 11. Bxf6 Nxf6 12. f5 b5 13. h4 b4 14. Nd5 Nxd5 15. exd5 g5 16. Nc6 Bd7 17. Bg2 a5 18. Rde1 Bxc6 19. f6 Bf8 20. fxe7 Bxe7 21. Qf6 Rh7 22. dxc6 Kf8 23. Qf5 Rg7 24. h5 a4 25. Rhf1 b3 26. cxb3 axb3 27. a3 Ra5 28. Qe6 Rc5+ 29. Kb1 Re5 30. Qxb3 Bd8 31. Rxe5 dxe5 32. Rd1 f6 33. Qb7 Re7 34. Be4 Qa5 35. Qc8 1-0

[Event "Bogota LAB Apertura op"]
[Site "Bogota"]
[Date "2014.01.19"]
[Round "9"]
[White "Paniagua, David"]
[Black "Acuna Buitrago, Camilo Andres"]
[Result "0-1"]
[WhiteElo "1919"]
[BlackElo "2092"]
[PlyCount "54"]
[EventDate "2014.01.11"]
[EventType "tourn"]
[EventRounds "9"]
[EventCountry "COL"]
[SourceTitle "EXT 2018"]
[Source "ChessBase"]
[SourceDate "2017.10.13"]
[SourceVersion "1"]
[SourceVersionDate "2017.10.13"]
[SourceQuality "1"]

1. Nf3 Nf6 2. d3 d5 3. Nbd2 Bf5 4. g3 h6 5. Bg2 Nc6 6. c4 e6 7. 0-0 Be7 8. cxd5 exd5 9. Re1 0-0 10. Qb3 Na5 11. Qa4 c5 12. e4 Be6 13. e5 Nd7 14. d4 Nc6 15. Nf1 cxd4 16. Nxd4 Ndxe5 17. Nxe6 fxe6 18. f4 Ng4 19. Rxe6 Bc5+ 20. Be3 Nxe3 21. Nxe3 Nd4 22. Re5 Nf5 23. Bxd5+ Kh8 24. Be6 Bxe3+ 25. Kh1 Qd3 26. Bxf5 Rxf5 27. Rd1 Qe2 0-1

[Event "Bogota LAB Apertura op"]
[Site "Bogota"]
[Date "2014.01.11"]
[Round "1"]
[White "Acuna Buitrago, Camilo Andres"]
[Black "Guerrero, Hernando"]
[Result "1-0"]
[WhiteElo "2092"]
[BlackElo "1883"]
[PlyCount "49"]
[EventDate "2014.01.11"]
[EventType "tourn"]
[EventRounds "9"]
[EventCountry "COL"]
[SourceTitle "EXT 2018"]
[Source "ChessBase"]
[SourceDate "2017.10.13"]
[SourceVersion "1"]
[SourceVersionDate "2017.10.13"]
[SourceQuality "1"]

1. e4 e6 2. d4 d5 3. Nc3 Bb4 4. e5 c5 5. a3 Bxc3+ 6. bxc3 Ne7 7. Qg4 Qc7 8. Qxg7 Rg8 9. Qxh7 cxd4 10. Ne2 dxc3 11. f4 Nbc6 12. Qd3 Bd7 13. Nxc3 a6 14. h3 Rc8 15. Bd2 Na5 16. g4 Nc4 17. Bg2 Ng6 18. Rf1 b5 19. Bxd5 Nxd2 20. Kxd2 Qxc3+ 21. Qxc3 Rxc3 22. Kxc3 exd5 23. Kd4 Rh8 24. Rf3 Nh4 25. Rc3 1-0

[Event "Bogota University op 7th"]
[Site "Bogota"]
[Date "2013.10.13"]
[Round "8"]
[White "Ruiz Aguilar, Pablo Alexander"]
[Black "Acuna Buitrago, Camilo Andres"]
[Result "0-1"]
[WhiteElo "2239"]
[BlackElo "2070"]
[PlyCount "44"]
[EventDate "2013.10.10"]
[EventType "swiss"]
[EventRounds "9"]
[EventCountry "COL"]
[SourceTitle "CBM 156 Extra"]
[Source "ChessBase"]
[SourceDate "2013.10.22"]
[SourceVersion "1"]
[SourceVersionDate "2013.10.22"]
[SourceQuality "1"]

1. e4 c5 2. Nf3 d6 3. d4 cxd4 4. Nxd4 Nf6 5. Nc3 a6 6. Be2 e6 7. 0-0 Qc7 8. Kh1 b5 9. Bf3 Bb7 10. Re1 Nbd7 11. a4 b4 12. Na2 Nc5 13. Nxb4 Ncxe4 14. Bxe4 Nxe4 15. Qd3 Be7 16. f3 Nf6 17. Bf4 0-0 18. Qd2 Rfe8 19. Bg3 Qc4 20. c3 Bf8 21. Bh4 Nd5 22. Qc2 Ne7 0-1

[Event "Bogota McGregor op 3rd"]
[Site "Bogota"]
[Date "2012.12.16"]
[Round "8"]
[White "Acuna Buitrago, Camilo Andres"]
[Black "Kjartansson, Gudmundur"]
[Result "0-1"]
[WhiteElo "2070"]
[BlackElo "2404"]
[PlyCount "146"]
[EventDate "2012.12.12"]
[EventType "swiss"]
[EventRounds "9"]
[EventCountry "COL"]
[SourceTitle "EXT 2014"]
[Source "ChessBase"]
[SourceDate "2013.11.20"]
[SourceVersion "1"]
[SourceVersionDate "2013.11.20"]
[SourceQuality "1"]

1. e4 e5 2. Nf3 Nc6 3. Bb5 a6 4. Bxc6 dxc6 5. d4 exd4 6. Qxd4 Qxd4 7. Nxd4 Bd7 8. Be3 0-0-0 9. f3 c5 10. Nb3 b6 11. Nc3 Be6 12. Kf2 Bd6 13. Rad1 Ne7 14. Nc1 Nc6 15. N1e2 Be5 16. f4 Bd4 17. f5 Bc4 18. b3 Bxe2 19. Nxe2 Rhe8 20. Kf3 Ne5+ 21. Kf4 g5+ 22. fxg6 Nxg6+ 23. Kf3 Nh4+ 24. Kf2 Rxe4 25. Nxd4 cxd4 26. Bg5 Rd5 27. Bxh4 Rxh4 28. Rd2 Rf5+ 29. Ke2 Re5+ 30. Kd1 Ra5 31. a4 b5 32. g3 Re4 33. Re2 f5 34. Rf1 bxa4 35. bxa4 d3 36. Rxe4 fxe4 37. cxd3 exd3 38. Rf4 Rc5 39. Rh4 Rc2 40. Rxh7 c5 41. g4 Kd8 42. g5 Rg2 43. Rh6 Kd7 44. Rh3 Rxg5 45. Rxd3+ Kc6 46. Kc2 Rg4 47. Rg3 Rxa4 48. Kb3 Rb4+ 49. Ka3 Kb5 50. Rb3 Kc4 51. Rg3 Rb1 52. h4 Rh1 53. Rg4+ Kc3 54. Rg3+ Kc4 55. Rg4+ Kb5 56. Kb2 a5 57. Ka3 Rh3+ 58. Kb2 Rh2+ 59. Ka3 Rh3+ 60. Kb2 c4 61. Rg8 Rxh4 62. Rb8+ Kc5 63. Ra8 a4 64. Kc2 Rh2+ 65. Kc3 Rh3+ 66. Kc2 a3 67. Rc8+ Kd5 68. Rd8+ Ke5 69. Re8+ Kd6 70. Rc8 a2 71. Kb2 Ra3 72. Rd8+ Kc5 73. Rd1 a1Q+ 0-1

[Event "Bogota op 10"]
[Site "Bogota"]
[Date "2012.10.19"]
[Round "9"]
[White "Aponte, Jorge Enrique"]
[Black "Acuna Buitrago, Camilo Andres"]
[Result "0-1"]
[WhiteElo "1892"]
[BlackElo "2078"]
[PlyCount "64"]
[EventDate "2012.10.11"]
[EventType "swiss"]
[EventRounds "9"]
[EventCountry "COL"]
[SourceTitle "EXT 2013"]
[Source "ChessBase"]
[SourceDate "2012.11.22"]
[SourceVersion "1"]
[SourceVersionDate "2012.11.22"]
[SourceQuality "1"]

1. e4 c5 2. Nf3 d6 3. d4 cxd4 4. Nxd4 Nf6 5. Nc3 a6 6. Bg5 e6 7. f4 Be7 8. Qf3 Qc7 9. 0-0-0 Nbd7 10. g4 h6 11. Bxf6 Bxf6 12. h4 Qb6 13. Nb3 Nc5 14. g5 Be7 15. Bh3 Bd7 16. Nd4 0-0-0 17. Rhg1 hxg5 18. hxg5 g6 19. f5 Rdf8 20. Rd2 Rh5 21. f6 Bd8 22. Rg3 Rfh8 23. Bg2 Kb8 24. a3 Bc7 25. Qe3 Na4 26. Nxa4 Bxa4 27. Qe1 Qc5 28. Nf3 Rc8 29. Rg4 Ba5 30. b4 Qc3 31. Kb1 Bxc2+ 32. Rxc2 Qxc2+ 0-1

[Event "Bogota op 10"]
[Site "Bogota"]
[Date "2012.10.15"]
[Round "5"]
[White "Gomez Perdomo, Jonathan"]
[Black "Acuna Buitrago, Camilo Andres"]
[Result "0-1"]
[WhiteElo "1903"]
[BlackElo "2078"]
[PlyCount "68"]
[EventDate "2012.10.11"]
[EventType "swiss"]
[EventRounds "9"]
[EventCountry "COL"]
[SourceTitle "EXT 2013"]
[Source "ChessBase"]
[SourceDate "2012.11.22"]
[SourceVersion "1"]
[SourceVersionDate "2012.11.22"]
[SourceQuality "1"]

1. e4 c5 2. Bc4 e6 3. Nc3 Ne7 4. e5 Nbc6 5. f4 Nf5 6. Nf3 d5 7. Bb5 Qb6 8. Bxc6+ Qxc6 9. d3 b5 10. 0-0 b4 11. Ne2 Bb7 12. g4 Ne7 13. Ng3 g6 14. d4 h5 15. gxh5 gxh5 16. h4 Rg8 17. Kh2 Rxg3 18. Kxg3 Nf5+ 19. Kh3 cxd4 20. Rg1 Rc8 21. Nxd4 Nxd4 22. Qxd4 Qxc2 23. Qxa7 Qf5+ 24. Kh2 Rc2+ 25. Rg2 Rxg2+ 26. Kxg2 Qe4+ 27. Kf1 d4 28. Qb8+ Kd7 29. Qxf8 Qg2+ 30. Ke1 Qg1+ 31. Kd2 Qe3+ 32. Kc2 Be4+ 33. Kd1 Qg1+ 34. Ke2 d3+ 0-1

[Event "Bogota IRT op 08"]
[Site "Bogota"]
[Date "2012.08.20"]
[Round "6"]
[White "Valle, Efrain"]
[Black "Acuna Buitrago, Camilo Andres"]
[Result "1-0"]
[WhiteElo "2160"]
[BlackElo "2065"]
[PlyCount "46"]
[EventDate "2012.08.17"]
[EventType "swiss"]
[EventRounds "7"]
[EventCountry "COL"]
[SourceTitle "EXT 2013"]
[Source "ChessBase"]
[SourceDate "2012.11.22"]
[SourceVersion "1"]
[SourceVersionDate "2012.11.22"]
[SourceQuality "1"]

1. e4 c5 2. Nf3 d6 3. d4 cxd4 4. Nxd4 Nf6 5. Nc3 a6 6. Bd3 b5 7. a4 b4 8. Nd5 e5 9. Nxf6+ Qxf6 10. Nf5 Bxf5 11. exf5 d5 12. 0-0 Be7 13. Be2 Qd6 14. c4 bxc3 15. bxc3 Nc6 16. Qb3 0-0 17. Rd1 Rfd8 18. Bf3 Na5 19. Qa2 Nc4 20. Rxd5 Qc7 21. Qe2 Rxd5 22. Bxd5 Rd8 23. Bxc4 Qxc4 1-0

[Event "Bogota IRT op 08"]
[Site "Bogota"]
[Date "2012.08.17"]
[Round "1"]
[White "Acuna Buitrago, Camilo Andres"]
[Black "Sosa Florez, Juan Sebastian"]
[Result "1-0"]
[WhiteElo "2065"]
[BlackElo "1607"]
[PlyCount "26"]
[EventDate "2012.08.17"]
[EventType "swiss"]
[EventRounds "7"]
[EventCountry "COL"]
[SourceTitle "EXT 2013"]
[Source "ChessBase"]
[SourceDate "2012.11.22"]
[SourceVersion "1"]
[SourceVersionDate "2012.11.22"]
[SourceQuality "1"]

1. e4 c6 2. d4 d5 3. e5 Bf5 4. g4 Bg6 5. Ne2 c5 6. Nf4 e6 7. h4 h6 8. Nxg6 fxg6 9. Bd3 Ne7 10. dxc5 Qa5+ 11. c3 Qxc5 12. Be3 Qc7 13. f4 Nbc6 1-0

[Event "Bogota op 02"]
[Site "Bogota"]
[Date "2012.02.24"]
[Round "2"]
[White "Acuna Buitrago, Camilo Andres"]
[Black "Corredor Castellanos, Camilo"]
[Result "1-0"]
[WhiteElo "2056"]
[BlackElo "1874"]
[PlyCount "101"]
[EventDate "2012.02.23"]
[EventType "swiss"]
[EventRounds "7"]
[EventCountry "COL"]
[SourceTitle "CBM 147 Extra"]
[Source "ChessBase"]
[SourceDate "2012.04.24"]
[SourceVersion "1"]
[SourceVersionDate "2012.04.24"]
[SourceQuality "1"]

1. e4 e5 2. Nf3 Nc6 3. Bb5 a6 4. Ba4 Nf6 5. 0-0 b5 6. Bb3 Be7 7. Re1 0-0 8. a4 Rb8 9. c3 d6 10. h3 Na5 11. Bc2 c5 12. axb5 axb5 13. d4 exd4 14. cxd4 Nc4 15. Nbd2 Nb6 16. e5 Nfd5 17. Ne4 c4 18. Nfg5 g6 19. exd6 Bxd6 20. Nxd6 Qxd6 21. Ne4 Qc6 22. Qf3 f5 23. Nc5 Nb4 24. Qxc6 Nxc6 25. Bd1 Nb4 26. Bf4 Ra8 27. Rxa8 Nxa8 28. Bf3 Nb6 29. Be5 Nd7 30. Bd6 Nxc5 31. Bxf8 Kxf8 32. dxc5 Nd3 33. Rd1 Nxb2 34. Rd8+ Ke7 35. Rxc8 c3 36. Ra8 c2 37. Ra1 Nd3 38. Be2 c1Q+ 39. Rxc1 Nxc1 40. Bxb5 Nb3 41. c6 Kd6 42. Kh2 Nd4 43. Ba4 Nxc6 44. Bxc6 Kxc6 45. Kg3 g5 46. f4 h6 47. fxg5 hxg5 48. h4 gxh4+ 49. Kf4 Kd6 50. Kxf5 Ke7 51. Kg4 1-0

[Event "Bogota McGregor op 2nd"]
[Site "Bogota"]
[Date "2011.12.11"]
[Round "10"]
[White "Acuna Buitrago, Camilo Andres"]
[Black "Abril Guiza, Mauricio"]
[Result "0-1"]
[WhiteElo "2074"]
[BlackElo "1966"]
[PlyCount "82"]
[EventDate "2011.12.06"]
[EventType "swiss"]
[EventRounds "10"]
[EventCountry "COL"]
[SourceTitle "CBM 145 Extra"]
[Source "ChessBase"]
[SourceDate "2012.01.03"]
[SourceVersion "1"]
[SourceVersionDate "2012.01.03"]
[SourceQuality "1"]

1. e4 d5 2. exd5 Qxd5 3. Nc3 Qd6 4. d4 Nf6 5. Be3 c6 6. Bd3 Bg4 7. Nge2 e6 8. Qd2 Be7 9. 0-0-0 Nbd7 10. f3 Bh5 11. Nf4 Bg6 12. Nxg6 hxg6 13. Ne4 Qb4 14. c3 Qa5 15. Kb1 Nd5 16. Bg5 N7f6 17. h4 b5 18. Rde1 Rb8 19. g4 b4 20. c4 Nc3+ 21. Kc1 Nfxe4 22. Bxe4 Nxe4 23. fxe4 Qxa2 24. Bxe7 Qxc4+ 25. Kb1 Kxe7 26. Rc1 Qa6 27. Qg5+ Ke8 28. Qc5 Qd3+ 29. Qc2 Qxc2+ 30. Rxc2 Rb6 31. d5 exd5 32. exd5 Kd7 33. dxc6+ Rxc6 34. Rf2 f6 35. Ka2 a5 36. Kb3 Rb8 37. g5 a4+ 38. Kxa4 b3 39. Rd1+ Kc7 40. Rd5 Rc4+ 41. Ka3 Rc1 0-1

[Event "Bogota Mayores Distrital op 07"]
[Site "Bogota"]
[Date "2011.07.24"]
[Round "6"]
[White "Acuna Buitrago, Camilo Andres"]
[Black "Ruiz Castillo, Joshua Daniel"]
[Result "0-1"]
[WhiteElo "2103"]
[BlackElo "2148"]
[PlyCount "110"]
[EventDate "2011.07.20"]
[EventType "swiss"]
[EventRounds "7"]
[EventCountry "COL"]
[SourceTitle "EXT 2012"]
[Source "ChessBase"]
[SourceDate "2011.11.24"]
[SourceVersion "1"]
[SourceVersionDate "2011.11.24"]
[SourceQuality "1"]

1. e4 c5 2. Nf3 d6 3. d4 cxd4 4. Nxd4 Nf6 5. Nc3 g6 6. Be2 Bg7 7. Be3 0-0 8. 0-0 Nc6 9. Kh1 Bd7 10. f4 Rc8 11. Bf3 a6 12. Nce2 Bg4 13. Bxg4 Nxg4 14. Bg1 Nf6 15. Ng3 b5 16. c3 Qa5 17. Qb3 Nd7 18. Nxc6 Rxc6 19. f5 Rc4 20. Rad1 Be5 21. Bd4 Nc5 22. Qc2 Bxd4 23. Rxd4 Qxa2 24. Qe2 Nd7 25. fxg6 fxg6 26. Rxf8+ Nxf8 27. Rd1 Rc5 28. Rf1 Nd7 29. Qf2 Nf6 30. h4 Qe6 31. h5 Qg4 32. hxg6 hxg6 33. Qf3 Qh4+ 34. Kg1 Rg5 35. Ne2 Qxe4 36. Qxe4 Nxe4 37. Ra1 Nc5 38. b4 Na4 39. Kf2 Rg4 40. Kf3 Rc4 41. Rc1 Kf7 42. Ke3 e5 43. Kd3 Rg4 44. g3 d5 45. Rf1+ Kg7 46. Ra1 Re4 47. Ra2 Kh6 48. Rd2 Nb6 49. Ra2 Nc4 50. Nc1 Re3+ 51. Kc2 Rxg3 52. Rxa6 Rg2+ 53. Kd1 d4 54. cxd4 exd4 55. Ra8 d3 0-1